000 00615nam a2200253Ia 4500
005 20260121153802.0
008 008 260114s9999 xx 000 0 eng d
020 _a9780203357378
037 _aEBOOK
040 _aCRL
040 _beng
040 _cCRL
041 _2eng
041 _aeng
084 _qCRL
100 _aPradeep Mehta
_9999084
245 0 _aEvolution of Competition Laws and their Enforcement
260 _bTaylor and Francis
260 _c2012
856 _uhttp://www.taylorfrancis.com/books/9780203357378
942 _cEBOOK
999 _c1565905
_d1565905